01464nam a22003131a 450000100060000000300080000600500170001400800410003103500190007204000290009104100080012008200220012824501310015026000510028130000240033249000650035650000700042150400510049165000590054265100500060183000180065170000570066970000460072683000670077294200120083999900170085195201420086895201400101027296BD-RjUL20211209051133.0140324s1968 ilu b 100 0 eng d a(BD-RjUL)27368 aLCbengcLCdLCdBD-RjUL aeng00a309.156bBEG 196800aBeginnings of modernization in the Middle East :bthe nineteenth century /cedited by William R. Polk and Richard L. Chambers. aChicago :bUniversity of Chicago Press,c1968. ax, 427 p. ;c24 cm.1 aPublications of the Center for Middle Eastern Studies, no. 1 aHeld under the auspices of the Center for Middle Eastern Studies. aIncludes bibliographical references and index. 0aCivilization, Moderny19th centuryxCongresses.983800 0aMiddle EastxCivilizationxCongresses.983801 0vno. 1.9838121 aPolk, William R.q(William Roe),d1929-,eed.9838031 aChambers, Richard L.,d1929-,eed.983804 0aPublications of the Center for Middle Eastern Studies ;928813 2ddccBK c27296d27296 00102ddc40728NFICaRUCLbRUCLcReadingd1970-06-27eZeitlinger.g88.00l0o309.156 BEG 1968r2014-03-24 00:00:00tC-1w2014-03-24yBK 00102ddc40708NFICaRUCLbRUCLcStackd1970-06-27eZeitlinger.g88.00l0o309.156 BEG 1968r2014-03-27 00:00:00tC-2w2014-03-27yBK